Vietnam (Record no. 51187)

MARC details
000 -LEADER
campo de control de longitud fija 00658nam a2200217 i 4500
001 - NÚMERO DE CONTROL
campo de control 51187
003 - IDENTIFICADOR DE NÚMERO DE CONTROL
campo de control ES-MaACL
005 - FECHA Y HORA DE LA ÚLTIMA TRANSACCIÓN
campo de control 20230906162321.0
007 - CAMPO FIJO DE DESCRIPCIÓN FÍSICA--INFORMACIÓN GENERAL
campo de control de longitud fija t|
008 - DATOS DE LONGITUD FIJA--INFORMACIÓN GENERAL
campo de control de longitud fija 030811s1968 sp ||||1| spa d
100 1# - ENTRADA PRINCIPAL--NOMBRE DE PERSONA
Nombre de persona Chesneaux, Jean.
9 (RLIN) 38388
245 10 - MENCIÓN DEL TÍTULO
Título Vietnam
Resto del título : un pueblo en lucha (pasado, presente, futuro) /
Mención de responsabilidad, etc. Jean Chesneaux ; [traducción por Roser Berdaguer].
250 ## - MENCION DE EDICION
Mención de edición [1ª ed.].
260 ## - PUBLICACIÓN, DISTRIBUCIÓN, ETC.
Lugar de publicación, distribución, etc. Barcelona :
Nombre del editor, distribuidor, etc. Fontenella,
Fecha de publicación, distribución, etc. 1968.
300 ## - DESCRIPCIÓN FÍSICA
Extensión 207 p. ;
Dimensiones 20 cm.
490 1# - MENCIÓN DE SERIE
Mención de serie Informes ;
Designación de volumen o secuencia 18
700 1# - ENTRADA AGREGADA--NOMBRE PERSONAL
Nombre de persona Berdaguer, Roser.
9 (RLIN) 27860
830 0# - PUNTO DE ACCESO ADICIONAL DE SERIE-TÍTULO UNIFORME
Título uniforme Informes ;
Designación de volumen o secuencia 18
9 (RLIN) 182704
852 ## - LOCALIZACIÓN
Ubicación ES-MaACL
Número de control de estantería C-56780
Sublocalización o colección R.68127
Holdings
Estatus retirado Estado de pérdida Estado de daño No para préstamo Biblioteca de origen Biblioteca actual Ubicación en estantería Fecha de adquisición Fuente de adquisición Total de préstamos Signatura topográfica completa Código de barras Visto por última vez Precio de reemplazo Tipo de ítem Koha
        Biblioteca del Ateneo de Madrid Biblioteca del Ateneo de Madrid Depósito 2 17/01/2008     C-56780 1053838 23/02/2023 23/02/2023 Libro impreso